[Event "Joao Pessoa op 4th"]
[Site "Joao Pessoa"]
[Date "2013.03.17"]
[Round "6"]
[White "Canuto, Kleber Jorge"]
[Black "Maia, Jose Simplicio"]
[Result "0-1"]
[WhiteElo "1805"]
[BlackElo "1968"]
[PlyCount "104"]
[EventDate "2013.03.15"]
[EventType "swiss"]
[EventRounds "6"]
[EventCountry "BRA"]
[SourceTitle "CBM 153 Extra"]
[Source "ChessBase"]
[SourceDate "2013.04.22"]
[SourceVersion "1"]
[SourceVersionDate "2013.04.22"]
[SourceQuality "1"]

1. Nf3 Nf6 2. g3 c5 3. Bg2 Nc6 4. 0-0 e5 5. d3 d5 6. Bg5 Be7 7. Nbd2 h6 8. Bxf6 Bxf6 9. e4 Be6 10. Re1 Qb6 11. b3 0-0 12. c4 dxc4 13. Nxc4 Bxc4 14. dxc4 Rad8 15. Qc2 Nb4 16. Qe2 Rd7 17. Red1 Rfd8 18. Rxd7 Rxd7 19. a3 Nc6 20. Rd1 Qd8 21. Rxd7 Qxd7 22. Qd2 Qxd2 23. Nxd2 Nd4 24. b4 Nc2 25. bxc5 Nxa3 26. Bf1 Kf8 27. Nb3 Bd8 28. Bd3 Ke7 29. Kf1 Kd7 30. Ke1 Kc6 31. Kd2 b6 32. cxb6 axb6 33. Kc3 b5 34. cxb5+ Nxb5+ 35. Bxb5+ Kxb5 36. h3 Bb6 37. f3 Bf2 38. g4 Be1+ 39. Kd3 Bb4 40. Nc1 Be1 41. Ke3 Kc4 42. Nd3 Bc3 43. f4 f6 44. f5 Ba5 45. Nb2+ Kc3 46. Nd1+ Kc2 47. Ke2 Bb6 48. h4 Bc5 49. Ne3+ Bxe3 50. Kxe3 Kc3 51. h5 Kc4 52. g5 hxg5 0-1